College Football- Fiesta Bowl Winners - Statistics

General Stats
  • This quiz has been taken 423 times
    19 since last reset
  • The average score is 42 of 56
Answer Stats
Answer % Correct
Dec. 1976 Oklahoma
100%
Jan. 2011 Oklahoma
100%
Jan. 2009 Texas
100%
Jan. 1986 Michigan
92%
Dec. 1974 Oklahoma State
92%
Jan. 2012 Oklahoma State
92%
Jan. 2022 Oklahoma State
92%
Jan. 2002 Oregon
92%
Jan. 2013 Oregon
92%
Jan 2024 Oregon
92%
Dec. 2016 (CFP) Clemson
83%
Dec 2019 (CFP) Clemson
83%
Jan 2026 (CPSF) Miami
83%
Jan. 2001 Oregon State
83%
Dec. 1977 Penn State
83%
Dec. 1980 Penn State
83%
Jan. 1982 Penn State
83%
Jan. 1987 Penn State
83%
Jan. 1992 Penn State
83%
Jan. 1997 Penn State
83%
Dec. 2017 Penn State
83%
Dec 2024 (CPQF) Penn State
83%
Dec 2022 (CFP) TCU
83%
Dec. 1978 Tie UCLA
83%
Jan. 1985 UCLA
83%
Jan. 1994 Arizona
75%
Jan. 1995 Colorado
75%
Jan. 1988 Florida State
75%
Jan. 1990 Florida State
75%
Jan. 2021 Iowa State
75%
Dec. 1997 Kansas State
75%
Jan 2019 LSU
75%
Jan. 1996 Nebraska
75%
Jan. 2000 Nebraska
75%
Jan. 1989 Notre Dame
75%
Jan. 1984 Ohio State
75%
Jan. 2003 Ohio State
75%
Jan. 2004 Ohio State
75%
Jan. 2006 Ohio State
75%
Jan. 2016 Ohio State
75%
Jan. 1999 Tennessee
75%
Dec. 1971 Arizona State
67%
Dec. 1972 Arizona State
67%
Dec. 1973 Arizona State
67%
Dec. 1975 Arizona State
67%
Jan. 1983 Arizona State
67%
Arkansas
67%
Jan. 2005 Utah
67%
Jan. 2007 Boise State
58%
Jan. 2010 Boise State
58%
Dec. 2014 Boise State
58%
Jan. 1993 Syracuse
58%
Jan. 1991 Louisville
42%
Jan. 2014 Central Florida
33%
Dec. 1979 Pittsburgh
33%
Jan. 2008 West Virginia
33%
No matching quizzes found
Score Distribution
Percent of People with Each Score
Percentile by Number Answered
Your Score History
You have not taken this quiz since the last reset